[Event "31st open TETEVEN"]
[Site "Teteven"]
[Date "2016.08.16"]
[Round "4.20"]
[White "Bozov, Dimitar"]
[Black "Slijper, Thomas"]
[Result "0-1"]
[WhiteElo "1764"]
[BlackElo "1932"]
[PlyCount "88"]
[EventDate "2016.08.13"]
[EventType "swiss"]
[EventRounds "9"]
[EventCountry "BUL"]

1. d4 d5 2. c4 c6 3. Nc3 e6 4. e4 dxe4 5. Nxe4 Nf6 6. Nxf6+ Qxf6 7. Nf3 Bb4+ 8.
Bd2 Bxd2+ 9. Qxd2 O-O 10. Bd3 c5 ({RR} 10... Nd7 11. Qe3 c5 12. O-O-O ({RR} 12.
dxc5 Qxb2 13. O-O Qb4 14. Ng5 h6 15. Ne4 f5 16. Rfb1 Qa5 17. Rb5 Qd8 18. Nd6
Qf6 19. Rab1 b6 20. c6 Nb8 21. Qf3 Na6 22. c5 Nxc5 23. Bc4 Qe5 24. Rd1 Kh7 25.
g3 Rd8 26. Nf7 Rxd1+ {
El Debs,F (2515)-Krishnan,V (2305)/Arlington 2015/CBM 167 Extra/1/2}) 12...
cxd4 13. Qxd4 Qxd4 14. Nxd4 Nc5 15. Bc2 a5 16. f4 Bd7 17. Rhe1 Rfc8 18. b3 g6
19. Kb2 h5 20. g3 Kg7 21. Re3 Rab8 22. Rc3 Kf6 23. Nf3 b5 24. Ne5 Be8 25. cxb5
{Borovikov,V (2582)-Zhigalko,S (2487)/Pardubice 2006/CBM 113 Extra/1/2 (44)})
11. O-O Na6 $146 ({RR} 11... cxd4 12. Nxd4 Rd8 ({RR} 12... a6 13. Qe3 Rd8 14.
Nf3 Qxb2 15. Rfd1 Nc6 16. h4 h6 17. g4 f5 18. g5 hxg5 19. hxg5 g6 20. Kg2 Qg7
21. Rh1 e5 22. Rh6 e4 23. Nh4 Rxd3 24. Qc5 Ne5 25. Qb6 Kf7 26. Rh1 a5 27. Nxf5
{Van Hecke,E-Middelburg,T (2195)/Vlissingen 1997/CBM 058 Extra/0-1 (38)}) 13.
Nb5 Na6 14. Rad1 g6 15. Qc3 {
1/2 Avila Jimenez,X (2241)-Sequera Paolini,J (2394)/Sitges 2013/CBM 155 Extra})
({RR} 11... Rd8 12. d5 exd5 13. cxd5 Bg4 14. Ng5 h6 15. Ne4 Qd4 16. Qf4 Bh5 17.
Bc4 Kh8 18. Qh4 Nd7 19. Qxh5 Qxe4 20. b3 Qf4 21. Rfe1 Nf6 22. Qxf7 Rf8 23. g3
Qxf2+ 24. Kxf2 Rxf7 25. Kg1 Rd7 26. Rad1 {
Krcal,M (2025)-Freyberg,D (2151)/Stare Mesto 2005/EXT 2006/1/2 (79)}) 12. Ng5
Qxd4 13. Bxh7+ Kh8 14. Bd3 Nb4 15. Rad1 Qxd3 16. Qxd3 Nxd3 17. Rxd3 f6 18. Ne4
b6 19. Rfd1 e5 20. Rd6 Bb7 21. Nc3 Rf7 22. f3 Re7 23. Kf2 Kg8 24. Nb5 Kf7 25.
Rd7 Bc6 26. Nd6+ Ke6 27. Rxe7+ Kxe7 28. Nf5+ Kf7 29. Rd6 Rc8 30. h4 g6 31. Ng3
Ke7 32. Rd1 Rh8 33. Rh1 Rd8 34. Ke3 f5 35. Ke2 f4 36. Nf1 Rh8 37. g4 e4 38.
fxe4 Bxe4 39. Rh2 Rd8 40. Nd2 Bd3+ 41. Kf3 Rd4 42. b3 Kf6 43. Rh1 Bc2 44. Rh2
$4 (44. Ke2 $142 $15) 44... Bd1+ 0-1

[Event "31st open TETEVEN"]
[Site "Teteven"]
[Date "2016.08.16"]
[Round "4.21"]
[White "Mihailidou, Magdalini"]
[Black "Andreev, Dobrotich"]
[Result "0-1"]
[WhiteElo "1466"]
[BlackElo "1914"]
[PlyCount "58"]
[EventDate "2016.08.13"]
[EventType "swiss"]
[EventRounds "9"]
[EventCountry "BUL"]

1. e4 c6 2. d4 d5 3. e5 Bf5 4. h4 h6 5. g4 Bd7 6. f4 h5 ({RR} 6... e6 7. Bd3 c5
8. c3 Nc6 9. Ne2 Qb6 10. Bc2 h5 11. gxh5 Rxh5 12. f5 Be7 13. fxe6 Bxe6 14. Be3
Rxh4 15. Rg1 O-O-O 16. Nd2 Nh6 17. Nf3 Ng4 18. Qd2 Rh3 19. dxc5 Qc7 20. Rf1
Ncxe5 21. Neg1 {Gantner,M (2236)-Batchelor,P (2236)/Leeds 2014/EXT 2015/0-1})
7. g5 ({RR} 7. gxh5 Nh6 8. Bh3 Bf5 9. Bxf5 Nxf5 10. Nf3 e6 11. Ng5 c5 12. dxc5
Bxc5 13. Rh3 Nc6 14. c3 a5 15. Qb3 Qb6 16. Na3 Bb4 17. Be3 Nxe3 18. cxb4 Qxb4+
19. Qxb4 axb4 20. Rxe3 bxa3 21. Rxa3 Rxa3 {
Medvedev,S (1934)-Kharlamov,I (2043)/Omsk 2015/CBM 165 Extra/0-1 (32)}) 7...
Bg4 $146 ({RR} 7... Bf5 8. Bd3 e6 9. Ne2 g6 10. Bxf5 exf5 11. O-O Na6 12. b3
Qa5 13. a4 Nc7 14. Ba3 Bxa3 15. Rxa3 Ne6 16. Qd2 Qc7 17. c3 Ne7 18. Ra1 a5 19.
Na3 O-O 20. Rfc1 b6 21. Nc2 b5 22. Kh2 {
Noehbauer,A (1710)-Zepke,A (1964)/Vilshofen 2008/EXT 2010/1/2 (48)}) ({RR} 7...
g6 8. c3 Bf5 9. Bd3 Bxd3 10. Qxd3 e6 11. Nh3 Ne7 12. Nd2 Nf5 {
1/2 Knisch,G (2100)-Kvakovszky,G/Budapest 1999/EXT 2004}) 8. Be2 Bxe2 9. Nxe2
e6 10. Ng3 g6 11. Be3 Qb6 12. Qc1 c5 13. dxc5 Bxc5 14. Bxc5 Qxc5 15. Nc3 Ne7
16. Qd2 Nbc6 17. O-O-O Rc8 18. Nce4 dxe4 19. Nxe4 Qa5 20. Nd6+ Kf8 21. Qxa5
Nxa5 22. Nxc8 Nxc8 23. Rd8+ Kg7 24. Rxh8 Kxh8 25. Rd1 Nb6 26. b4 Nac4 27. Rf1
Ne3 28. Rf2 Nf5 29. Rh2 Kg7 {...} 0-1

[Event "31st open TETEVEN"]
[Site "Teteven"]
[Date "2016.08.16"]
[Round "4.28"]
[White "Demirov, Todor"]
[Black "Kamenov, Valentin"]
[Result "1-0"]
[WhiteElo "1461"]
[BlackElo "1813"]
[PlyCount "59"]
[EventDate "2016.08.13"]
[EventType "swiss"]
[EventRounds "9"]
[EventCountry "BUL"]

1. e4 Nf6 2. Nc3 d5 3. exd5 Nxd5 4. Bc4 Nb6 5. Bb3 Nc6 6. d4 ({RR} 6. Qh5 g6 7.
Qf3 f5 8. Nge2 e5 9. d3 Qe7 10. a4 Na5 11. Ba2 Bd7 12. Bd2 Nc6 13. Nb5 O-O-O
14. a5 e4 15. Qg3 Na8 16. d4 a6 17. Nbc3 Qb4 18. Nd1 Qa4 19. Qb3 Nb4 20. Qxa4
Bxa4 {Galego,L (2419)-Wohl,A (2461)/Lisbon 2000/EXT 2001/1-0 (63)}) ({RR} 6. a4
a5 7. Nf3 Bf5 8. d3 e6 9. h3 Bb4 10. Bd2 O-O 11. O-O h6 12. Re1 Nd7 13. Ne4
Bxe4 14. dxe4 Bxd2 15. Qxd2 Nde5 16. Qf4 Nxf3+ 17. Qxf3 Qd4 18. Rab1 Qb4 19.
Qc3 Qxc3 20. bxc3 Rfd8 {
Olesen,P (2106)-Hansen,B (2238)/Denmark 2011/EXT 2012/0-1 (68)}) 6... Qxd4 $146
({RR} 6... Nxd4 7. Be3 e5 ({RR} 7... Nxb3 8. Qxd8+ Kxd8 9. Rd1+ Bd7 10. axb3 e5
11. Nf3 f6 12. Ne4 Ke8 13. Nc5 Bxc5 14. Bxc5 Bf5 15. Rd2 Nd7 16. Be3 Ke7 17.
O-O Rhd8 18. Rfd1 b6 19. Ne1 Nf8 20. Nd3 a5 21. c4 Rxd3 22. Rxd3 {
Costanzo,H-Alvarez,R (2083)/Villa Ballester 2004/EXT 2005/0-1}) 8. Qh5 Qf6 9.
Bxd4 exd4 10. Ne4 Qe7 11. O-O-O g6 12. Qb5+ Bd7 13. Qd3 O-O-O 14. Nf3 Bg7 15.
Rhe1 Be6 16. Kb1 Rhe8 17. Neg5 Nd5 18. g3 Rd6 19. Nxe6 fxe6 20. Nxd4 Qf6 21. c3
{Koch,F (1707)-Gadschisade,M (1856)/Berlin 2005/CBM 110 Extra/0-1 (45)}) 7.
Qxd4 Nxd4 8. Be3 e5 9. Bxd4 exd4 10. Nb5 Bb4+ 11. Ke2 c5 12. Nc7+ Ke7 13. Nxa8
Nxa8 14. a3 Ba5 15. Nf3 Bd7 16. Ne5 Be8 17. Bd5 f6 18. Nc4 Bb5 19. Kf3 Nc7 20.
Nxa5 Nxd5 21. Nxb7 Rc8 22. Kg3 Rc7 23. Na5 f5 24. h4 Kd6 25. Nb3 Nf6 26. Nd2
Nh5+ 27. Kh2 c4 28. Nf3 Kc5 29. Rad1 Nf4 30. Nxd4 1-0

[Event "31st open TETEVEN"]
[Site "Teteven"]
[Date "2016.08.16"]
[Round "4.35"]
[White "Chartazanov, Valentin"]
[Black "Vasilev, Vladislav"]
[Result "1/2-1/2"]
[WhiteElo "1709"]
[BlackElo "1429"]
[PlyCount "68"]
[EventDate "2016.08.13"]
[EventType "swiss"]
[EventRounds "9"]
[EventCountry "BUL"]

1. c4 e6 2. g3 c6 3. Bg2 d5 4. cxd5 ({RR} 4. d3 dxc4 5. dxc4 Qxd1+ 6. Kxd1 Bc5
7. e3 Nf6 8. b3 a5 9. Nc3 Ke7 10. Bb2 Na6 11. Nf3 Bd7 12. Ke2 Rad8 13. h3 Bc8
14. g4 h6 15. Na4 Bb4 16. Rac1 Bd6 17. Rhd1 Rhg8 18. Ne5 Nb4 {
Pedersen,N (2528)-Krapivin,A (2339)/Budapest 2003/CBM 095 Extra/1-0 (53)}) 4...
exd5 5. d4 ({RR} 5. Qb3 Nf6 6. Nc3 Nbd7 7. d4 Bd6 8. Bg5 h6 9. Bd2 O-O 10. Nh3
Re8 11. O-O Nb6 12. Bf4 Bf8 13. Rae1 Bf5 14. Bc1 Qd7 15. Nf4 g5 16. Nd3 Bxd3
17. exd3 Qf5 18. Nd1 Bg7 19. Ne3 Qg6 {
Armstrong,R (1567)-Libersan,T (2090)/Montreal 2015/EXT 2016/0-1 (52)}) 5... Nf6
6. Bg5 $146 ({RR} 6. e3 Bd6 7. Nf3 O-O 8. Nc3 Bf5 9. O-O Nbd7 10. a3 Ne4 11.
Nxe4 Bxe4 12. b4 Re8 13. Bb2 Nf6 14. Ne5 Bxg2 15. Kxg2 Ne4 16. Rc1 f6 17. Nf3
Qd7 18. Rc2 g5 19. Bc1 Qg7 20. Rg1 Qh6 {
Rabsch,P (1394)-Rabe,F (1398)/Braunschweig 2011/EXT 2013/1/2}) ({RR} 6. Nf3 Bd6
7. O-O O-O 8. b3 Re8 9. Bb2 Nbd7 10. e3 b6 11. Qc1 Bb7 12. Ba3 Bf8 13. Bxf8
Nxf8 14. Ne5 Qc7 15. Nd3 Rac8 16. Qc2 N8d7 17. Rc1 Ne4 18. Nc3 Ndf6 19. Nxe4
Nxe4 20. b4 Qd6 {Ratnikov,S-Liu,Y/Moscow 2008/CBM 124 Extra/0-1 (48)}) 6... Be7
7. Nf3 Ne4 8. Bxe7 Qxe7 9. O-O Nd7 10. Nbd2 Nxd2 11. Qxd2 O-O 12. Rfe1 Nb6 13.
b3 Bf5 14. Nh4 Bg6 15. Nxg6 fxg6 16. e4 dxe4 17. Rxe4 Qf6 18. Rae1 Rad8 19. Rf4
Qd6 20. Rxf8+ Qxf8 21. Qa5 Ra8 22. Qe5 Qf7 23. Bh3 Kh8 24. Be6 Qe7 25. Bh3 Qf7
26. Qd6 Rf8 27. f4 Re8 28. Re5 Rxe5 29. dxe5 h6 30. e6 Qf6 31. Qb8+ Kh7 32.
Qxb7 Qd4+ 33. Kg2 Qd2+ 34. Kf3 Qd3+ 1/2-1/2

[Event "31st open TETEVEN"]
[Site "Teteven"]
[Date "2016.08.16"]
[Round "4.36"]
[White "Banev, Simeon"]
[Black "Vachev, Lenko"]
[Result "0-1"]
[WhiteElo "1429"]
[BlackElo "1698"]
[PlyCount "86"]
[EventDate "2016.08.13"]
[EventType "swiss"]
[EventRounds "9"]
[EventCountry "BUL"]

1. d4 d5 2. Bf4 e6 3. Nf3 Nf6 4. e3 Be7 5. Nbd2 O-O 6. c4 ({RR} 6. c3 b6 7. Ne5
Nfd7 8. Ndf3 f6 9. Nxd7 Qxd7 10. a4 a5 11. Bd3 Ba6 12. O-O c5 13. Re1 Bxd3 14.
Qxd3 Nc6 15. Rad1 Rfe8 16. Bg3 Rad8 17. Qb5 Qb7 18. dxc5 Bxc5 19. Nd4 Na7 20.
Qb3 e5 {Appel,R (2541)-Bareev,E (2655)/Mainz 2008/CBM 125 Extra/0-1 (56)}) 6...
c5 7. Be2 Nc6 8. Nb3 $146 ({RR} 8. dxc5 Bxc5 9. O-O b6 10. a3 ({RR} 10. Nb3 Be7
11. Rc1 Bb7 12. Nbd4 Nxd4 13. Nxd4 Rc8 14. Qa4 a6 15. Rfd1 Nd7 16. Nf3 Nc5 17.
Qc2 a5 18. b3 Bf6 19. Be5 Bxe5 20. Nxe5 Qf6 21. Nf3 Rfd8 22. Qc3 Qxc3 23. Rxc3
dxc4 24. bxc4 Rxd1+ {
Rex,D (1758)-Simon,R (1811)/Muensterland 2005/EXT 2006/0-1 (70)}) 10... Bb7 11.
b4 Bd6 12. Bg5 Be7 13. Qc2 Rc8 14. Qb2 h6 15. Bh4 dxc4 16. Bxc4 Nh7 17. Bxe7
Qxe7 18. Rac1 Rfd8 19. Be2 Ng5 20. Rc2 Nxf3+ 21. Bxf3 Nb8 22. Rfc1 Rxc2 {
Tkalec Belosevic,K-Bazaj Bockai,S (2180)/Pula 1996/EXT 1999/1-0 (64)}) 8... b6
9. O-O Bb7 10. h3 h6 11. a3 Nh5 12. Bh2 Nf6 13. Bd3 a6 14. Rc1 dxc4 15. Bxc4 b5
16. Be2 c4 17. Nbd2 Bd6 18. Bxd6 Qxd6 19. Qc2 Rac8 20. Nb1 Na5 21. Nfd2 e5 22.
dxe5 Qxe5 23. Bf3 Rfd8 24. Bxb7 Nxb7 25. Nf3 Qe7 26. Nc3 Nc5 27. Nd4 Nd3 28.
Rcd1 Nd5 $4 {Diagram #} (28... Ne4 $142 $15) 29. Nce2 $4 (29. Nxd5 $142 Rxd5
30. Rxd3 $18) 29... Qe5 30. Nc1 $4 {Diagram #} (30. Qd2 $142 $15) 30... Nxc1 $4
(30... Nxe3 $1 31. fxe3 Qxe3+ 32. Kh1 Qxd4 $19) 31. Rxc1 $4 {Diagram #} (31.
Qxc1 $142 $15) 31... Nxe3 32. Qe2 Qxd4 33. fxe3 Qd2 34. Qf3 Qd5 35. Qf4 Qe6 36.
e4 Re8 37. Rce1 Re7 38. e5 Rc5 39. Qf5 Qxf5 40. Rxf5 f6 41. g4 Rcxe5 42. Rfxe5
Rxe5 43. Rxe5 fxe5 0-1

[Event "31st open TETEVEN"]
[Site "Teteven"]
[Date "2016.08.16"]
[Round "4.40"]
[White "Durhan, Batuhan"]
[Black "Kosturkov, Krasimir"]
[Result "0-1"]
[WhiteElo "1287"]
[BlackElo "1650"]
[PlyCount "96"]
[EventDate "2016.08.13"]
[EventType "swiss"]
[EventRounds "9"]
[EventCountry "BUL"]

1. e4 c5 2. Nf3 Nc6 3. Bb5 d6 4. Bxc6+ bxc6 5. Nc3 e5 6. d3 Nf6 7. h3 h6 ({RR} 
7... Be7 8. b3 Qc7 9. Ne2 h6 10. Ng3 Be6 11. Qe2 a5 12. a4 Rb8 13. Bd2 Bd8 14.
O-O Qd7 15. Nh4 g6 16. Kh2 Ra8 17. Bc3 Ng4+ 18. hxg4 Bxh4 19. Nf5 gxf5 20. gxf5
Bxf5 21. exf5 Qxf5 22. f4 {
Khechen,N (2023)-Salameh,R (1661)/Beirut 2015/EXT 2016/1-0 (33)}) 8. O-O Be7 9.
Nh2 O-O $146 ({RR} 9... g5 10. Qe2 Be6 11. Nd1 Qd7 12. g4 Nh7 13. Ne3 Nf8 14.
Nf5 Bf6 15. Be3 Ng6 16. Nf3 Nf4 17. Bxf4 gxf4 18. Kh2 Qd8 19. Kg1 Kd7 20. c3
Qb6 21. Rad1 Kc7 22. Rd2 Rad8 23. d4 cxd4 24. cxd4 {
Kristol,L (2230)-Fauland Borek,J (2060)/Haifa 1989/EXT 1997/1-0 (39)}) 10. f4
Qb6 11. Na4 Qa5 12. b3 Nd7 13. Bd2 Qc7 14. f5 d5 15. Qf3 Nf6 16. Ng4 Nxg4 17.
Qxg4 Kh7 18. Qh5 Ba6 19. Rf2 c4 20. dxc4 dxc4 21. Be3 Bb5 22. Nc3 cxb3 23. cxb3
Bf6 24. Rc1 Qb7 25. Nxb5 cxb5 26. Rfc2 Qxe4 27. Re2 Qd3 28. Ree1 g5 29. Rc6 Kg7
30. Rxf6 Kxf6 31. Qxh6+ Ke7 32. Bc5+ Kd7 33. Bxf8 Qd2 34. Rf1 Rc8 35. Rf2 Rc1+
36. Kh2 Qxf2 37. Qd6+ Kc8 38. Qa6+ Kc7 39. Qd6+ Kb7 40. Qd7+ Ka6 41. Qd6+ Kb7
42. Qd7+ Rc7 43. Qd5+ Ka6 44. Qd6+ Qb6 45. Qa3+ Kb7 46. Bg7 Qe3 47. Qb2 Qf4+
48. g3 Qe4 0-1

[Event "31st open TETEVEN"]
[Site "Teteven"]
[Date "2016.08.16"]
[Round "4.44"]
[White "Chitakova, Galya"]
[Black "Tilev, Emil"]
[Result "1-0"]
[WhiteElo "1552"]
[BlackElo "1223"]
[PlyCount "49"]
[EventDate "2016.08.13"]
[EventType "swiss"]
[EventRounds "9"]
[EventCountry "BUL"]

1. e4 c5 2. Nf3 Nc6 3. d4 cxd4 4. Nxd4 Nf6 5. Nc3 e5 6. Nxc6 bxc6 7. a3 d5 8.
exd5 cxd5 9. Bg5 d4 10. Bb5+ Bd7 11. Bxd7+ Qxd7 12. Bxf6 $146 ({RR} 12. Ne2 Be7
13. O-O O-O 14. Qd3 Qg4 15. Bd2 Qe4 16. Rfe1 Qxd3 17. cxd3 h6 18. f4 Bd6 19.
fxe5 Bxe5 20. Rac1 Ng4 21. h3 Ne3 22. Rc5 Rfe8 23. b4 f5 24. Bxe3 dxe3 25. d4
Bf6 26. Rxf5 Rad8 {
Wieclawek,D (1636)-Wojna,N (1539)/Leba 2007/EXT 2011/1-0 (33)}) 12... dxc3 13.
Qxd7+ Kxd7 14. Bxe5 Re8 $4 (14... cxb2 $142 15. Bxb2 $11) 15. O-O-O+ Kc8 16.
Bxc3 Bc5 17. Bd4 Bxd4 18. Rxd4 Re2 19. Rd2 Re7 20. Rf1 Rhe8 21. Rd3 Re1+ 22.
Rxe1 Rxe1+ 23. Kd2 Rg1 24. Rg3 g6 25. Ke2 1-0

[Event "31st open TETEVEN"]
[Site "Teteven"]
[Date "2016.08.17"]
[Round "5.1"]
[White "Yordanov, Lachezar"]
[Black "Nikolov, Sasho"]
[Result "1/2-1/2"]
[WhiteElo "2267"]
[BlackElo "2359"]
[PlyCount "103"]
[EventDate "2016.08.13"]
[EventType "swiss"]
[EventRounds "9"]
[EventCountry "BUL"]

1. d4 Nf6 2. c4 e6 3. Nf3 b6 4. g3 Ba6 5. Qa4 Bb7 6. Bg2 Be7 7. O-O O-O 8. Nc3
Ne4 9. Nxe4 Bxe4 10. Ne5 ({RR} 10. Be3 d6 11. Rfd1 Bf6 12. Rac1 Qe7 13. Rd2 a6
14. Ne1 Bxg2 15. Nxg2 Qd7 16. Qc2 Nc6 17. d5 Nb4 18. Qb3 a5 19. dxe6 fxe6 20.
Nf4 Be5 21. a3 Bxf4 22. Bxf4 Na6 23. Qc2 Qc6 24. b3 Nc5 {
Roa Alonso,S (2383)-Vazquez Igarza,R (2560)/Madrid 2015/EXT 2016/0-1 (61)})
10... Bxg2 11. Kxg2 Bf6 $146 ({RR} 11... f6 12. Nd3 f5 13. Bd2 d6 14. Nf4 Rf6
15. d5 e5 16. Ne6 Qd7 17. Qxd7 Nxd7 18. Nxc7 Rc8 19. Nb5 Rxc4 20. Rfc1 Rc5 21.
Rxc5 Nxc5 22. Nxa7 Rf8 23. b4 Ne4 24. Be3 Nc3 25. Nc6 Bf6 26. Bxb6 {
Golubkov,A (2288)-Frolov,S (2335)/Vladivostok 2008/EXT 2009/1-0 (37)}) ({RR} 
11... Qc8 12. Qb3 Qb7+ 13. Qf3 Qxf3+ 14. Nxf3 c5 15. dxc5 bxc5 16. Rd1 d6 17.
Bg5 f6 18. Bd2 Nc6 19. Bc3 Rfd8 20. Rd2 a5 21. Rad1 a4 22. Ne1 Rab8 23. Nc2 Rd7
24. Kf1 f5 25. Rd3 Kf7 26. Kg2 {
Williams,P (2173)-Arkell,K (2412)/Denham 2011/CBM 141 Extra/1/2 (57)}) ({RR} 
11... c5 12. dxc5 bxc5 13. Rd1 d6 14. Nc6 Nxc6 15. Qxc6 Rb8 16. b3 Rb6 17. Qf3
Qa8 18. e4 f5 19. exf5 Qxf3+ 20. Kxf3 Rxf5+ 21. Ke2 Bf6 22. Rb1 Bd4 23. Be3
Bxe3 24. Kxe3 a5 25. Rd3 d5 26. cxd5 {Panelo Munoz,M (2335)-Pablo Marin,A
(2419)/Barbera del Valles 2003/CBM 095 Extra/1/2 (60)}) 12. Nf3 c5 13. Be3 cxd4
14. Bxd4 Nc6 15. Bxf6 Qxf6 16. b3 a6 17. Rad1 Ra7 18. Rd6 Qf5 19. Nd4 b5 20.
Nxf5 bxa4 21. Nd4 Nxd4 22. Rxd4 axb3 23. axb3 Rb8 24. Rfd1 Rbb7 25. R1d3 Kf8
26. c5 Rc7 27. b4 Ke7 28. Ra3 Rc6 29. h4 Rb7 30. Kf3 f5 31. e4 e5 32. Rc4 g6
33. h5 Ke6 34. hxg6 hxg6 35. exf5+ gxf5 36. Rh4 e4+ 37. Kf4 Rxb4 38. Rh6+ Kd5
39. Rxc6 dxc6 40. Kxf5 Rb8 41. Kg6 Rf8 42. Ra2 Kxc5 43. g4 Kd4 44. Kg7 Rf4 45.
g5 c5 46. g6 c4 47. Kh7 c3 48. g7 Kd3 49. Rxa6 Rh4+ 50. Kg6 c2 51. Rd6+ Ke2 52.
Rc6 1/2-1/2

[Event "31st open TETEVEN"]
[Site "Teteven"]
[Date "2016.08.17"]
[Round "5.2"]
[White "Badev, Kiril"]
[Black "Janev, Pavel"]
[Result "1-0"]
[WhiteElo "2292"]
[BlackElo "2254"]
[PlyCount "57"]
[EventDate "2016.08.13"]
[EventType "swiss"]
[EventRounds "9"]
[EventCountry "BUL"]

1. d4 Nf6 2. Bg5 c5 3. Bxf6 gxf6 4. d5 f5 5. c3 Qb6 ({RR} 5... Na6 6. g3 d6 7.
e3 Nc7 8. Nh3 h5 9. Bg2 h4 10. Nd2 b6 11. Nf3 hxg3 12. fxg3 Bb7 13. Nf4 Bh6 14.
Nh4 Bxf4 15. exf4 Rxh4 16. gxh4 e6 17. Qh5 Bxd5 18. Rg1 Ke7 19. Qg5+ Kd7 20.
O-O-O {Vezzosi,P (2370)-Cordova,E (2560)/Fermo 2010/CBM 138 Extra/1/2 (68)}) 6.
b3 $146 ({RR} 6. Qb3 Qxb3 7. axb3 e6 8. dxe6 fxe6 9. g3 Nc6 10. Bg2 d5 11. e3
Bd7 12. Ne2 Ne5 13. Nf4 Ng6 14. O-O a6 15. c4 Nxf4 16. exf4 d4 17. Nd2 O-O-O
18. Rfe1 Re8 19. Nf3 Bc6 20. Ne5 Bxg2 {
Zioltkowski,J (2031)-Rolle,E (2253)/Germany 2013/EXT 2015/0-1 (49)}) ({RR} 6.
Qc2 e6 7. Nh3 ({RR} 7. Nd2 Bg7 8. Nc4 Qa6 9. e3 b5 10. Na3 c4 11. g3 Bb7 12.
Bg2 exd5 13. Kf1 b4 14. Nb1 b3 15. Qd1 bxa2 16. Na3 Bxc3 17. bxc3 Qxa3 18. Qd2
Qb3 19. Nf3 Nc6 20. Rxa2 d4 21. Nxd4 Qb1+ {
Sokolovs,A (2435)-Garrido,D (2235)/Cappelle-la-Grande 1992/EXT 1997/1-0 (38)})
7... Na6 8. dxe6 dxe6 9. Nd2 Nc7 10. Nc4 Qc6 11. Rd1 Be7 12. e3 b5 13. Ne5 Qe4
14. Qxe4 fxe4 15. Nf4 f6 16. Nc6 Bd7 {
1/2 Salimaki,J (2185)-Joentausta,H (2162)/Lahti 2005/EXT 2007}) 6... Bg7 7. e3
d6 8. Bd3 e5 9. Ne2 e4 10. Bc2 Nd7 11. O-O Ne5 12. Nd2 Qd8 13. Nc4 Nxc4 14.
bxc4 Be5 15. f3 exf3 16. Rxf3 Rg8 17. Qf1 Qh4 18. Nf4 Bd7 19. Rh3 Qe7 20. Qf3
O-O-O 21. Rxh7 Rh8 22. Ng6 Bxh2+ 23. Kf1 Qf6 24. Nxh8 Qxc3 25. Re1 Qxc4+ 26.
Qe2 Bb5 27. Qxc4 Bxc4+ 28. Kf2 Be5 29. Nxf7 1-0

[Event "31st open TETEVEN"]
[Site "Teteven"]
[Date "2016.08.17"]
[Round "5.3"]
[White "Danov, Lyubomir"]
[Black "Popov, Petar"]
[Result "1-0"]
[WhiteElo "2342"]
[BlackElo "2128"]
[PlyCount "107"]
[EventDate "2016.08.13"]
[EventType "swiss"]
[EventRounds "9"]
[EventCountry "BUL"]

1. e4 c5 2. Nf3 Nc6 3. Bb5 Nf6 4. Bxc6 dxc6 5. d3 g6 6. h3 Bg7 7. O-O O-O 8. a4
({RR} 8. a3 c4 9. Nc3 cxd3 10. cxd3 c5 11. Be3 b6 12. Qc2 Bb7 13. Rad1 Rc8 14.
Rfe1 Qc7 15. Qc1 Rfd8 16. Bf4 Qd7 17. Qe3 Nh5 18. Bh2 Nf6 19. Rd2 Qe8 20. Red1
Bc6 21. Be5 Ba4 22. Re1 Bc6 {
Topalov,V (2752)-Radjabov,T (2788)/Astana 2012/CBM 149 Extra/1/2 (114)}) 8...
a5 ({RR} 8... Ne8 9. Nc3 e5 10. Be3 Qe7 11. a5 Nc7 12. Na4 Na6 13. Qd2 Rb8 14.
b4 cxb4 15. Bxa7 Ra8 16. Bc5 Nxc5 17. Qxb4 Re8 18. Qxc5 Qxc5 19. Nxc5 Bf8 20.
Nb3 Be6 21. Rfb1 Bb4 22. Nbd4 c5 23. Nb5 {
Karthikeyan,M (2510)-Abhishek,D (2205)/Nagpur 2015/EXT 2016/1-0 (43)}) 9. Na3
Nd7 10. Rb1 $146 ({RR} 10. Re1 Re8 11. e5 Nf8 12. Be3 Ne6 13. c3 Qd5 14. Nc4
Ra6 15. Qc2 f6 16. Rad1 b5 17. Na3 Qd7 18. Qb3 b4 19. Nc4 Kh8 20. cxb4 Qb7 21.
b5 cxb5 22. Qxb5 Qxb5 23. axb5 Ra8 24. Ra1 Rb8 {
Borodavkin,A-Zaychuk,V/Odessa 2003/CBM 092 Extra/1-0 (35)}) 10... Re8 11. Be3
b6 12. Nh2 Nf8 13. Qd2 e5 14. f4 f5 15. exf5 exf4 16. Bxf4 Bxf5 17. Nf3 Ne6 18.
Bh6 Nd4 19. Bxg7 Nxf3+ 20. Rxf3 Kxg7 21. Rf4 Be6 22. Rbf1 Qe7 23. Qc3+ Kg8 24.
Nc4 Rf8 25. Rxf8+ Rxf8 26. Rxf8+ Qxf8 27. Nxb6 Qf4 28. Qxc5 Qc1+ 29. Kf2 Qxb2
30. Ke2 Bd5 31. Nxd5 Qe5+ 32. Kd1 cxd5 33. Qxa5 Qd4 34. Qd8+ Kf7 35. Qd7+ Kf6
36. Qg4 Qa1+ 37. Kd2 d4 38. Qh4+ Kg7 39. Qe7+ Kg8 40. Qd8+ Kg7 41. a5 Qg1 42.
Qc7+ Kg8 43. Qg3 Qa1 44. Qb8+ Kg7 45. Qc7+ Kf6 46. a6 Qg1 47. Qg3 Qa1 48. Qf3+
Ke5 49. Ke2 Qa4 50. Kf1 h5 51. Kg1 Ke6 52. Qe4+ Kf7 53. Qb7+ Kf6 54. a7 1-0

[Event "31st open TETEVEN"]
[Site "Teteven"]
[Date "2016.08.17"]
[Round "5.5"]
[White "Arnaudov, Petar"]
[Black "Raev, Rostislav"]
[Result "0-1"]
[WhiteElo "1989"]
[BlackElo "2257"]
[PlyCount "96"]
[EventDate "2016.08.13"]
[EventType "swiss"]
[EventRounds "9"]
[EventCountry "BUL"]

1. e4 c5 2. Nc3 a6 3. g3 b5 4. Bg2 Bb7 5. a4 b4 6. Nd5 e6 7. Ne3 Nf6 8. d3 Qc7
9. f4 h5 10. Nf3 Be7 11. O-O d5 12. e5 Nfd7 13. c3 Nc6 14. d4 Qb6 15. Kh1 h4
16. gxh4 cxd4 17. cxd4 Nf8 18. f5 Bxh4 19. Bh3 Be7 20. Kg2 O-O-O 21. fxe6 Nxe6
22. Bxe6+ fxe6 23. b3 Rh5 24. Ng4 Kb8 25. Be3 Rc8 26. Rc1 Qd8 27. Qd3 Qe8 28.
Bf4 Ka8 29. Bg3 Rh8 30. Nf2 Qh5 31. Qe3 g5 32. h3 Rhf8 33. Nh2 Bd8 34. Nfg4 Rh8
35. Bf2 Qg6 36. Rfd1 Rf8 37. Qd3 Qh5 38. Nf1 Rh8 39. Bg1 Bb6 40. Nf6 Qf7 41.
Ng3 Rh4 42. Ng4 Rch8 43. Ne2 Rxh3 44. Qxh3 Rxh3 45. Kxh3 Qh5+ 46. Kg3 Ne7 47.
Bf2 Nf5+ 48. Kf3 Qh3+ 0-1

[Event "31st open TETEVEN"]
[Site "Teteven"]
[Date "2016.08.17"]
[Round "5.6"]
[White "Pashev, Dimitar"]
[Black "Monev, Aleksandar"]
[Result "1/2-1/2"]
[WhiteElo "1991"]
[BlackElo "2167"]
[PlyCount "120"]
[EventDate "2016.08.13"]
[EventType "swiss"]
[EventRounds "9"]
[EventCountry "BUL"]

1. d4 Nf6 2. c4 g6 3. Nc3 Bg7 4. e4 d6 5. f3 O-O 6. Be3 e5 7. Nge2 Nc6 8. d5
Ne7 9. Qd2 a6 10. Bh6 ({RR} 10. Ng3 h5 11. h4 Bd7 12. Bd3 c6 13. Nf1 b5 14. b3
b4 15. Nd1 cxd5 16. Qxb4 dxe4 17. fxe4 Be6 18. Nf2 Nc6 19. Qd2 Nd4 20. Ng3 Ng4
21. Nxg4 Bxg4 22. Ne2 Bf6 23. Bf2 Ne6 24. O-O-O a5 {
Kajganovic,M (2280)-Markovic,I (2445)/Vrnjacka Banja 1998/EXT 2002/1/2 (45)}) (
{RR} 10. a4 Ne8 11. Bh6 f5 12. Bxg7 Kxg7 13. Ng3 f4 14. Nge2 Nf6 15. b4 Bd7 16.
Nc1 Nc8 17. Nb3 Nh5 18. Qf2 c6 19. a5 Be8 20. Bd3 Rf7 21. O-O g5 22. Rfd1 Nf6
23. c5 Qe7 24. Bc4 Rf8 {
Elansary,E (1863)-Ibrahimi,K/Cairo 2015/CBM 166 Extra/1-0 (41)}) 10... Qe8 $146
({RR} 10... Bd7 11. g4 b5 12. Ng3 bxc4 13. h4 Ne8 14. h5 Qb8 15. O-O-O Qb4 16.
Bxg7 Nxg7 17. Qh6 Qc5 18. Rd2 Rab8 19. Rdh2 Qd4 20. hxg6 fxg6 21. Qxh7+ Kf7 22.
Qh6 Rb4 23. Rd2 Qc5 24. Qh2 Rfb8 25. Qf2 {Bilegjargal,B (1876)-Sarantungalag,S
(1943)/Ulaanbaatar 2013/CBM 153 Extra/1-0 (49)}) ({RR} 10... Nd7 11. g4 f5 12.
gxf5 Nxf5 13. Bxg7 Nxg7 14. Qe3 Nh5 15. O-O-O Qf6 16. Bg2 Nf4 17. Nxf4 exf4 18.
Qd2 Ne5 19. h4 Nxc4 20. Qd4 Ne3 21. Qxf6 Rxf6 22. Rdg1 h6 23. Bh3 Kf7 24. Nd1
Nc4 25. Kc2 {
Galasso,L (1548)-De Caro,N (1635)/Amantea 2008/CBM 126 Extra/1-0 (39)}) ({RR} 
10... Rb8 11. h4 b5 12. O-O-O bxc4 13. h5 Kh8 14. hxg6 fxg6 15. Bxg7+ Kxg7 16.
Qh6+ Kg8 17. g4 Rf7 18. Ng3 Qf8 19. Bxc4 Qxh6+ 20. Rxh6 Bxg4 21. fxg4 Nxg4 22.
Rh3 Ne3 23. Bxa6 Nxd1 24. Nxd1 Rf3 25. Ne2 {
Siwon,Z (1959)-Jadanowski,P (1689)/Ostroda 2006/CBM 113 Extra/0-1 (54)}) 11. h4
c6 12. Ng3 cxd5 13. cxd5 Kh8 14. Bxg7+ Kxg7 15. h5 Neg8 16. hxg6 fxg6 17. Rc1
Bd7 18. Nd1 Rc8 19. Ne3 Rxc1+ 20. Qxc1 Qc8 21. Qxc8 Rxc8 22. Kd2 Kf7 23. Bd3
Ke7 24. b3 h5 25. a4 Nh7 26. a5 Ngf6 27. Ne2 Ng5 28. Nc3 Rh8 29. Ke2 h4 30. Kf2
Nf7 31. Ne2 Nh5 32. Rxh4 Nf4 33. Nxf4 exf4 34. Rxf4 Ne5 35. Be2 g5 36. Rf5 Bxf5
37. Nxf5+ Kd7 38. g3 Rh1 39. f4 gxf4 40. gxf4 Rh2+ 41. Ke3 Ng6 42. Bg4 Kc7 43.
Nd4 Rh4 44. Ne6+ Kd7 45. Kf3 Ke7 46. Nd4 Rh1 47. Nf5+ Kf6 48. Nxd6 Rf1+ 49. Ke3
Rxf4 50. Bc8 Rf1 51. Nxb7 Rc1 52. d6 Ne5 53. Bf5 Rc3+ 54. Kd2 Rxb3 55. Nc5 Rb5
56. Nxa6 Nc4+ 57. Kc3 Nxd6 58. Nb4 Nxf5 59. exf5 Rxa5 60. Kc4 Rxf5 1/2-1/2